000 00788nam a2200241 a 4500
001 52152
003 BD-RjUL
005 20211209075748.0
008 160906s1968 pk 000 0 eng
035 _a(BD-RjUL)52272
040 _aDLC
_cDLC
_dDLC
_beng
041 _aeng
082 0 0 _a338.409549
_223
_bPAP 1968
110 1 _aPakistan.
_bDepartment of Investment Promotion and Supplies.
_9156479
245 1 0 _aPriority list of industries of comprehensive industrial investment schedule, 1965-1970 :
_bissued in June, 1968. /
260 _aKarachi :
_bMinistry of industries,
_c1968
300 _avii, 48 p. ;
_c24 cm.
350 _a1.12
650 0 _aIndustries
_zPakistan.
_9156000
650 0 _aCapital investments
_zPakistan.
_9156001
942 _2ddc
_cBK
999 _c52152
_d52152